000 00370cam a22001331 4500
082 _a940.54
_bEIS
_cL-30, P-16.
100 1 _aEisenhower, Dwight D.
_948850
245 1 0 _aCrusade in Europe.
260 _aLondon.
_bgreat Britain Press.
_cc1948.
300 _a582 p.
_billus.
_c19 cm.
526 _a0
_b0
_c0
_d940_540000000000000_EIS
650 0 _aMCE.
_9379
942 _2ddc
_cBK
999 _c551725
_d551725